| 000 | 00913cam a2200253 a 4500 | ||
|---|---|---|---|
| 001 | j 58006103 | ||
| 003 | DLC | ||
| 005 | 20260227111518.0 | ||
| 008 | 031029s1937 ja a 000 0 jpn | ||
| 010 | _aj 58006103 | ||
| 035 | _a(CStRLIN)DCLP03-B16162 | ||
| 040 |
_aDLC _cDLC-R _dDLC-R _dDLC |
||
| 050 | 0 | 0 |
_aPL794.Z5 _bT32 |
| 066 | _c$1 | ||
| 100 | 1 |
_6880-01 _aTakita, Teiji, _d1901-1946. |
|
| 245 | 1 | 0 |
_6880-02 _aSaikaku zasso / _cTakita Teiji cho. |
| 260 |
_6880-03 _aTōkyō : _bGanshōdō Shoten, _cShōwa 12 [1937] |
||
| 300 |
_a2, 6, 278 p. : _bill. ; _c22 cm. |
||
| 600 | 1 | 0 |
_6880-04 _aIhara, Saikaku, _d1642-1693 _xCriticism and interpretation. |
| 880 | 1 |
_6100-01/$1 _a瀧田貞治, _d1901-1946. |
|
| 880 | 1 | 0 |
_6245-02/$1 _a西鶴襍爼 / _c瀧田貞治著. |
| 880 |
_6260-03/$1 _a東京 : _b巖松堂書店, _c昭和 12 [1937] |
||
| 880 | 1 | 4 |
_6600-04/$1 _a井原西鶴, _d1642-1693 _xCriticism and interpretation. |
| 999 |
_c34869 _d34869 |
||